Juegos poéticos y florales 2014

Uloženo v:
Podrobná bibliografie
Hlavní autor: Jofré, Manuel Alcides (Autor)
Médium: Kniha
Jazyk:španělština
Vydáno: Valparaíso El Mercurio de Valparaíso 2015
Vydání:1a. ed
Témata:
Tagy: Přidat tag
Žádné tagy, Buďte první, kdo vytvoří štítek k tomuto záznamu!

MARC

LEADER 00000cam a2200000 a 4500
001 UCD1327
003 CL-VaPUC
008 160303e20150000cl |||||||||||||||||spa|d
020 |a 9789563584073 
082 0 4 |a Ch861  |b JOF  |2 21 
100 |a Jofré, Manuel Alcides  |e author  |9 460982 
245 1 0 |a Juegos poéticos y florales 2014 
250 |a 1a. ed 
300 |a 179 p 
942 |c BK 
945 |d 20160303 03:41:00  |a dcastane 
260 |a Valparaíso  |b El Mercurio de Valparaíso  |c 2015 
650 0 |a Poesías chilenas   |9 265280 
650 0 |a Literatura chilena   |9 308278 
650 7 |a CONCURSOS  |2 CL-VaPUC  |9 395463 
583 |a last modification  |c 20160303 03:41:00  |k Rodrigo Vera 
999 |c 362688  |d 362686 
952 |0 0  |1 0  |3 erb  |4 0  |6 CH_861_000000000000000_JOF_2015  |7 0  |8 A  |9 474108  |a BIBEDU  |b BIBEDU  |c ES_NOD  |i 5264170  |o Ch861 JOF 2015  |p 5264170  |r 2023-08-09  |w 2019-11-24  |y BK  |z Catalogado en:20160303  |k LIT